Statistics for Languages of North Macedonian Quiz (with map)

Click here to take the quiz!

General Stats

  • This quiz has been taken 1,249 times
  • The average score is 6 of 8

Answers on the Map

Answers color-coded by a green-red scale on the quiz's map according to % correct below.
 

Answer Stats

Answer% Correct
Macedonian
99%
Serbian
98%
Albanian
96%
Turkish
90%
Bosnian
73%
Aromanian
54%
Gorani
31%
Megleno-Romanian
15%

Score Distribution

Percentile by Number Answered

Percent of People with Each Score

Your Score History

You have not taken this quiz